[Event "World Team-ch 2017"]
[Site "Khanty-Mansyisk"]
[Date "2017.06.21"]
[Round "5"]
[White "Svidler, Peter"]
[Black "Tari, Aryan"]
[Result "1/2-1/2"]
[WhiteElo "2756"]
[BlackElo "2593"]
[Annotator "TA"]
[PlyCount "58"]
[EventDate "2017.??.??"]
[EventType "team-tourn"]
[EventCountry "RUS"]
[SourceTitle "playchess.com"]
[Source "ChessBase"]
[SourceQuality "1"]
[WhiteTeam "RUS"]
[BlackTeam "NOR"]
[WhiteTeamCountry "RUS"]
[BlackTeamCountry "NOR"]

{[%evp 14,58,18,20,17,0,19,-9,12,0,9,-24,-10,-27,-21,-21,-9,0,0,-20,0,0,0,0,0,0,0,0,0,0,0,-6,-12,-38,-26,-24,-39,-30,-24,-80,-70,-89,-87,-79,-80,-88,-16]} 1. c4 e5 2. Nc3 Nf6 3. g3 Bb4 4. Bg2 O-O 5. Nf3 {[%cal Bg1f3,Bf3e1,Be1c2,Bc2b4][%mdl 32]} Bxc3 6. bxc3 d6 7. O-O Re8 {A22: English Opening: 1...e5 2 Nc3 Nf6} (7... Nc6 8. d3 h6 9. h3 Rb8 10. Ne1 Bd7 11. e4 a6 12. Kh2 b5 13. cxb5 axb5 14. Be3 b4 15. cxb4 Rxb4 16. Nc2 Ra4 {½-½ (130) Mamedov,R (2688)-Malakhov,V (2713) Doha 2016}) 8. Ne1 {LiveBook: 3 Games} Nbd7 9. Nc2 h6 $146 {The position is equal.} ({Predecessor:} 9... Rb8 10. Rb1 Nb6 11. d3 Na4 12. Qd2 Bd7 13. Ne3 h6 14. Qc2 Nb6 15. Nd5 {½-½ (31) Bachmann,W (2373)-Volodarsky,Y (2336) ICCF email 2013}) 10. Rb1 Rb8 11. d3 Nc5 12. h3 a6 13. Nb4 {[#] Strongly threatening Nc6!} Bd7 14. Be3 e4 15. Bd4 c6 16. Qd2 Bf5 17. Qf4 Bg6 {[%cal Re4d3]} 18. Bxf6 Qxf6 19. Qxf6 gxf6 20. d4 Na4 21. Rb3 Nb6 22. Rfb1 {[#] Nxc6! is the strong threat.} e3 23. Nd3 (23. Nxa6 $5 bxa6 24. R1b2 $11) 23... Nxc4 {aiming for ...Nd2.} 24. Bxc6 $1 (24. Rxb7 $2 Rxb7 25. Rxb7 Bxd3 $19) 24... Re7 {And now ...Nd2 would win.} 25. fxe3 $1 {[%cal Rb3b7]} ({Wrong is} 25. Bxb7 $2 Bxd3 26. Bf3 (26. exd3 $2 Nd2 $19) 26... Rxb3 $19) 25... b5 $36 {[%mdl 2048] White is under pressure.} 26. Re1 (26. Kf2 $11) 26... Na5 $17 ({Of course not} 26... Nxe3 27. Nb4 $11) ({Don't play} 26... Rxe3 27. Nb4 $11) 27. Bd5 {Hoping for Ra3.} Nxb3 {Black is better.} 28. axb3 Rxe3 29. Kf2 Rbe8 {Precision: White = 44%, Black = 60%.} ({Black should play} 29... Re7 $17 30. Nf4 Kg7) 1/2-1/2

[Event "World Team-ch 2017"]
[Site "Khanty-Mansyisk"]
[Date "2017.06.21"]
[Round "5"]
[White "Yu, Yangyi"]
[Black "Yilmaz, Mustafa"]
[Result "1/2-1/2"]
[WhiteElo "2749"]
[BlackElo "2630"]
[Annotator "TA"]
[PlyCount "31"]
[EventDate "2017.??.??"]
[EventType "team-tourn"]
[EventCountry "RUS"]
[SourceTitle "playchess.com"]
[Source "ChessBase"]
[SourceQuality "1"]
[WhiteTeam "CHN"]
[BlackTeam "TUR"]
[WhiteTeamCountry "CHN"]
[BlackTeamCountry "TUR"]

{[%evp 10,31,0,0,2,-31,-3,-9,-16,-10,0,0,-14,-18,-5,-14,-10,-7,0,-17,-8,0,0,0]} 1. Nf3 Nf6 2. c4 e6 3. g3 d5 4. d4 Bb4+ 5. Nbd2 dxc4 6. Bg2 b5 {E04: Open Catalan: 5 Nf3} 7. a4 (7. Ne5 $5 {[%cal Rg2a8]} Nd5 8. O-O $15) 7... c6 8. O-O {The position is equal.} a5 9. Qc2 O-O 10. b3 c3 11. Nb1 $1 bxa4 12. bxa4 Bb7 13. Nxc3 c5 14. dxc5 {[#]} Nbd7 $146 15. Rd1 Qe7 16. Nb5 {Precision: White = 76%, Black = 72%.} 1/2-1/2

[Event "World Team-ch 2017"]
[Site "Khanty-Mansyisk"]
[Date "2017.06.21"]
[Round "5"]
[White "Li, Chao b"]
[Black "Sanal, Vahap"]
[Result "1/2-1/2"]
[WhiteElo "2720"]
[BlackElo "2533"]
[Annotator "TA"]
[PlyCount "104"]
[EventDate "2017.??.??"]
[EventType "team-tourn"]
[EventCountry "RUS"]
[SourceTitle "playchess.com"]
[Source "ChessBase"]
[SourceQuality "1"]
[WhiteTeam "CHN"]
[BlackTeam "TUR"]
[WhiteTeamCountry "CHN"]
[BlackTeamCountry "TUR"]

{[%evp 15,104,4,17,4,19,-15,56,54,48,36,107,87,100,104,89,78,66,66,100,101,105,54,261,255,264,250,244,235,330,310,279,100,81,101,100,97,92,88,88,80,101,100,98,87,90,30,30,35,38,30,100,89,99,55,43,9,9,0,17,19,22,18,18,21,25,24,70,8,8,8,14,8,43,10,17,8,29,31,47,12,13,11,16,2,2,0,0,0,0,0,0]} 1. d4 Nf6 2. c4 e6 3. Nc3 Bb4 4. f3 O-O 5. a3 Bxc3+ 6. bxc3 b6 7. e4 Ne8 8. Bd3 Nc6 {LiveBook: 23 Games. E27: Nimzo-Indian: Sämisch: 5...0-0 6 f3} 9. e5 (9. Nh3 e5 10. Bg5 f6 11. Be3 d6 12. Nf2 f5 13. g3 Kh8 14. Ra2 fxe4 15. Bxe4 {½-½ (25) Baron,T (2544)-Gharamian,T (2654) London 2015}) 9... f5 10. Nh3 Ba6 (10... d6 $11) 11. O-O Na5 12. Qe2 d5 $146 (12... d6 $14) ({Predecessor:} 12... Qc8 13. Bf4 Qb7 14. g4 Qc6 15. gxf5 Bxc4 {½-½ (15) Dekker,B (2144)-Maksimenko,A (2505) Falconara Marittima 2005}) 13. Bg5 $16 Qd7 {[%cal Ra6c4]} 14. cxd5 Bxd3 15. Qxd3 {Black must now prevent dxe6.} exd5 16. Rae1 h6 17. e6 $36 {[%mdl 2048] White is really pushing.} Qd6 18. Bc1 (18. Bf4 $16 Qxa3 19. Be5) 18... g5 $2 (18... Rf6 $1 $14) 19. g4 $1 $18 Ng7 20. f4 $1 {[%cal Bf3f4,Bf4g5][%mdl 32]} fxg4 21. Qg6 $1 (21. fxg5 Rxf1+ 22. Rxf1 gxh3 $16) 21... Qe7 ({Avoid the trap} 21... gxh3 $2 22. f5 $18) (21... Rf5 {keeps fighting.}) 22. fxg5 Rxf1+ 23. Rxf1 $2 (23. Kxf1 $18 Rf8+ 24. Kg1) 23... Qxe6 $16 24. Nf4 Qxg6 25. Nxg6 hxg5 26. Ne7+ $1 Kh7 27. Bxg5 {Rf7 is the strong threat.} Nc4 28. Rf6 {[%csl Gg5][%cal Rf6h6][%mdl 1024] White has strong compensation.} Ne8 29. Rf7+ Kh8 {[#]} 30. a4 (30. Bh6 $1 $16) 30... Ncd6 31. Rf1 Kg7 32. Nxd5 Nf7 (32... c6 $11 {keeps the balance.} 33. Ne7 Ne4) 33. Be7 c6 34. Nf4 Nc7 35. c4 {Threatening d5.} Re8 36. Bh4 Re4 37. Nh5+ Kf8 38. Bg3 {aiming for Bd6+.} Ne8 39. Be5 Re3 40. Bb8 a6 41. d5 (41. Nf6 $14) 41... cxd5 $11 42. cxd5 Ke7 43. Rb1 Ne5 44. Rxb6 (44. Ng3 $5 {[%cal Rg3f5]} Kd8 45. Bxe5 (45. Rxb6 Nd7 $14) 45... Rxe5 46. Rxb6 $16) 44... Nd7 $1 {[%cal Rd7b6]} 45. Rb7 Nd6 46. Ra7 Nc8 47. Ra8 {Strongly threatening Bc7.} (47. d6+ $5 Nxd6 {[#]} 48. Nf6 $1 {[%mdl 512]} Kxf6 49. Bxd6 $16) 47... Nxb8 {The position is equal.} 48. Rxb8 Nd6 49. Ra8 {And now Ra7+ would win.} Ne4 50. Nf4 (50. Rxa6 $5 {[%cal Ra6e6]} Re1+ 51. Kg2 Re2+ 52. Kf1 Rxh2 53. Re6+ Kd7 54. Rxe4 Rxh5 55. Rxg4 $11) 50... Ra3 51. Ng6+ (51. Rxa6 $5 {[%cal Ra6e6]} Ra1+ 52. Kg2 Ra2+ 53. Kg1 Ra1+ 54. Kg2 Ra2+ 55. Kg1 Ra1+ $11) 51... Kd6 52. Rxa6+ Kxd5 {Precision: White = 63%, Black = 39%.} 1/2-1/2

[Event "World Team-ch 2017"]
[Site "Khanty-Mansyisk"]
[Date "2017.06.21"]
[Round "5"]
[White "Vitiugov, Nikita"]
[Black "Elsness, Frode"]
[Result "1-0"]
[WhiteElo "2720"]
[BlackElo "2466"]
[Annotator "TA"]
[PlyCount "83"]
[EventDate "2017.??.??"]
[EventType "team-tourn"]
[EventCountry "RUS"]
[SourceTitle "playchess.com"]
[Source "ChessBase"]
[SourceQuality "1"]
[WhiteTeam "RUS"]
[BlackTeam "NOR"]
[WhiteTeamCountry "RUS"]
[BlackTeamCountry "NOR"]

{[%evp 11,83,10,16,2,15,4,3,0,15,12,45,37,37,39,75,47,84,76,77,75,91,37,47,38,72,32,29,4,17,0,16,21,22,27,50,50,27,0,72,37,57,63,64,63,44,45,123,116,137,142,189,179,229,63,61,64,70,56,82,79,111,111,238,231,234,234,318,308,381,370,953,781,29993,29994]} 1. c4 Nf6 2. Nc3 e6 3. e4 d5 4. cxd5 exd5 5. e5 Ne4 6. Nf3 Bf5 {LiveBook: 16 Games. A18: English Opening: Flohr-Mikenas System (1 c4 Nf6 2 Nc3 e6 3 e4)} 7. d3 (7. Be2 {is more complex.} d4 8. Nxe4 Bxe4 9. Bc4 Nc6 10. O-O) (7. Be2 Be7 8. O-O O-O 9. Qb3 Nc6 10. Nxd5 Bc5 11. Ne3 Bg6 12. Qxb7 Nd4 13. Nxd4 Bxd4 14. d3 {1-0 (31) So,W (2822)-Onischuk,A (2667) Saint Louis 2017}) 7... Nxc3 8. bxc3 c5 {The position is equal.} 9. d4 Nc6 10. Bd3 $146 ({Predecessor:} 10. Bb5 Qa5 11. Bxc6+ bxc6 12. Bd2 Qa6 13. Be3 Be7 14. dxc5 {½-½ (27) Dallakian,O-Bolczek,M Hiddenhausen 1998}) 10... Qd7 11. Bxf5 Qxf5 12. O-O Be7 13. dxc5 Rd8 14. Be3 O-O 15. Rb1 Rd7 16. Bd4 (16. Re1 $16) 16... Rc8 17. Re1 Rdc7 18. Rb2 Nd8 {[%cal Bc6d8,Bd8e6,Be6f4,Bf4d3][%mdl 32]} 19. Qa4 a6 20. Rb6 Ne6 21. c6 bxc6 22. Rxa6 Nf4 23. Be3 $36 {[%mdl 2048] White is more active.} Nd3 24. Rf1 (24. Qc2 $5 {[%cal Re1d1]} Qg6 25. Re2 $11) 24... c5 (24... Bc5 $11) 25. Qc2 d4 26. cxd4 cxd4 27. Nxd4 Qe4 28. Qb1 Bc5 ({Black should play} 28... Nxf2 $14 29. Kxf2 Rc2+ 30. Nxc2 Rxc2+ 31. Qxc2 Qxc2+ 32. Kg1 h6) 29. Ra4 $1 $16 Rb7 30. Nf3 Qd5 31. Qc2 {Rd4! is the strong threat.} Rbc7 {[#] And now ...Bxe3 would win.} 32. Qb3 $2 (32. Rd4 $1 $18 {[%cal Rd4d5]} Nb4 (32... Bxd4 33. Qxd3) 33. Rxd5 Nxc2 34. Rxc5 Rxc5 35. Bxc5 Rxc5 36. Rc1) 32... Qxb3 $14 33. axb3 Bxe3 34. fxe3 h6 35. h3 Rc3 36. Ra7 Rb8 {[#]} (36... R8c7 $16 37. Ra8+ Rc8 38. Rxc8+ Rxc8) 37. e6 $1 $18 {[%cal Re6f7]} fxe6 38. Nd4 Ne5 39. Nxe6 Rc6 40. Nxg7 Rxb3 $2 (40... Rcb6 41. Nf5 Nf7) 41. Nh5 {Intending Rg7+ and mate.} Ng6 42. Ra8+ {Precision: White = 59%, Black = 25%.} 1-0

[Event "World Team-ch 2017"]
[Site "Khanty-Mansyisk"]
[Date "2017.06.21"]
[Round "5"]
[White "Ponomariov, Ruslan"]
[Black "Wojtaszek, Radoslaw"]
[Result "0-1"]
[WhiteElo "2712"]
[BlackElo "2730"]
[Annotator "TA"]
[PlyCount "90"]
[EventDate "2017.??.??"]
[EventType "team-tourn"]
[EventCountry "RUS"]
[SourceTitle "playchess.com"]
[Source "ChessBase"]
[SourceQuality "1"]
[WhiteTeam "UKR"]
[BlackTeam "POL"]
[WhiteTeamCountry "UKR"]
[BlackTeamCountry "POL"]

{[%evp 31,90,4,4,4,0,0,15,0,5,0,0,0,0,8,15,0,6,42,68,70,66,73,285,283,543,556,473,251,266,0,0,0,8,0,73,63,69,0,0,-193,-189,-164,-148,-339,-351,-354,-349,-582,-568,-741,-734,-714,-696,-666,-626,-1134,-980,-1000,-1010,-927,-918]} 1. e4 c5 2. Nf3 d6 3. d4 cxd4 4. Nxd4 Nf6 5. Nc3 a6 6. Be3 Ng4 7. Bc1 Nf6 8. f3 e6 9. Be3 b5 10. Qd2 Nbd7 11. g4 h6 12. a3 Bb7 13. O-O-O Rc8 {B80: Sicilian Scheveningen: 6 g3 and 6 Be3, including English Attack} 14. Kb1 d5 15. exd5 Nxd5 16. Nxd5 Bxd5 {LiveBook: 3 Games} 17. Be2 Bc5 18. Rhg1 $146 ({Predecessor:} 18. h4) 18... O-O 19. h4 Ne5 20. f4 {[%cal Bf3f4,Bf4f5][%mdl 32]} Nc4 21. Bxc4 $1 bxc4 22. g5 h5 23. g6 Qxh4 24. f5 Qh3 25. gxf7+ Rxf7 26. fxe6 Rb7 $2 (26... Bxe6 $16 {might work better.} 27. Rh1 Qg3) 27. Rg5 $1 $18 Bxd4 $2 (27... Be4) 28. Qxd4 Bxe6 {And now ...Rd7 would win.} 29. Rdg1 (29. Qe5 $142) 29... Rcc7 {[%cal Bc8c7,Bc7f7,Bf7a7][%mdl 32]} 30. R5g3 $2 (30. Bd2 $18 Rd7 31. Qe5) 30... Qf5 $11 31. Bh6 {[%cal Rg3g7]} Qf8 32. Rg6 c3 {[#]} (32... Bg4 $1 $11) 33. b4 $1 $16 {[%mdl 1024] White has strong compensation.} ({Don't go for} 33. Rxe6 $2 Rxb2+ 34. Kc1 Ra2 $19) 33... Bg4 34. Bf4 (34. Qd5+ $1 $14 Kh7 35. R6xg4 hxg4 36. Bc1) 34... Rf7 35. Bc1 $2 (35. Qc4 $1 $11 {and White stays safe.}) 35... a5 $1 $36 {[%mdl 2048] White is under strong pressure.} 36. Rd6 {[#] Threatens to win with Rd8.} Rb8 $1 37. Qd5 $2 (37. Rb6 $17) 37... Kh7 ({Don't do} 37... axb4 38. Rf1 $19) 38. Ka1 axb4 39. a4 $2 (39. Ra6) 39... Ra7 {Black is clearly winning.} 40. Kb1 b3 41. cxb3 {[#]} Rxb3+ $1 {[%mdl 512]} 42. Kc2 (42. Qxb3 Qxd6) 42... Rb8 43. Be3 Bf5+ 44. Kxc3 Rc7+ 45. Bc5 Rbc8 {Precision: White = 45%, Black = 54%.} 0-1

[Event "World Team-ch 2017"]
[Site "Khanty-Mansyisk"]
[Date "2017.06.21"]
[Round "5"]
[White "Duda, Jan-Krzysztof"]
[Black "Korobov, Anton"]
[Result "1/2-1/2"]
[WhiteElo "2697"]
[BlackElo "2711"]
[Annotator "TA"]
[PlyCount "57"]
[EventDate "2017.??.??"]
[EventType "team-tourn"]
[EventCountry "RUS"]
[SourceTitle "playchess.com"]
[Source "ChessBase"]
[SourceQuality "1"]
[WhiteTeam "POL"]
[BlackTeam "UKR"]
[WhiteTeamCountry "POL"]
[BlackTeamCountry "UKR"]

{[%evp 31,57,31,27,36,31,33,37,46,54,52,70,22,63,60,69,40,69,0,0,-18,-17,-11,0,0,0,0,0,-12]} 1. e4 e6 2. d4 d5 3. Nd2 c5 4. exd5 exd5 5. Ngf3 Nc6 6. Bb5 Bd6 7. O-O Nge7 8. dxc5 Bxc5 9. Nb3 Bb6 10. Re1 O-O 11. Be3 Bg4 12. Bxb6 {C09: French Tarrasch: 3...c5 4 exd5 exd5 5 Ngf3 Nc6} (12. h3 Bxe3 13. Rxe3 a6 14. Bxc6 Bxf3 15. Rxf3 bxc6 16. Qd4 Ng6 17. Re1 Qg5 18. Qe3 Qh4 19. Nd4 c5 {1-0 (38) Safarli,E (2649)-Savchenko,B (2556) Minsk 2014}) 12... Qxb6 13. Bxc6 Nxc6 14. Qxd5 Nb4 15. Qe4 Bxf3 16. gxf3 Rad8 {LiveBook: 4 Games} 17. Rad1 {[#] And now Rxd8 would win.} h6 18. a3 Nc6 {[#]} 19. Kg2 $146 ({Predecessor:} 19. Rxd8 Rxd8 20. Qf5 Qc7 21. Kg2 Qd6 22. Re4 b6 23. c3 f6 24. Nd2 {½-½ (24) Oral,T (2535)-Casper,T (2415) Germany 2009}) 19... Qb5 20. h4 Qb6 21. Rxd8 Rxd8 22. Qf4 Qb5 23. Re4 Qd5 24. Qe3 (24. c4 $14 Qh5 25. Nd4) 24... Rd6 $11 {White should prevent ...Rg6+.The position is equal.} 25. Qd3 Qxd3 26. cxd3 Rxd3 27. Nc5 Rd2 28. Nxb7 Rxb2 29. Nd8 {Precision: White = 32%, Black = 72%.} 1/2-1/2

[Event "World Team-ch 2017"]
[Site "Khanty-Mansyisk"]
[Date "2017.06.21"]
[Round "5"]
[White "Shankland, Samuel L"]
[Black "Zhigalko, Sergei"]
[Result "1/2-1/2"]
[WhiteElo "2676"]
[BlackElo "2635"]
[Annotator "TA"]
[PlyCount "152"]
[EventDate "2017.??.??"]
[EventType "team-tourn"]
[EventCountry "RUS"]
[SourceTitle "playchess.com"]
[Source "ChessBase"]
[SourceQuality "1"]
[WhiteTeam "USA"]
[BlackTeam "BLR"]
[WhiteTeamCountry "USA"]
[BlackTeamCountry "BLR"]

{[%evp 29,152,4,3,7,11,6,8,3,6,0,6,2,24,22,31,20,28,27,27,27,29,19,23,25,30,27,25,29,38,25,15,20,22,25,39,50,48,19,29,18,41,44,54,47,73,31,64,39,61,47,65,64,76,57,56,50,57,55,57,4,58,35,56,0,58,57,59,47,52,8,58,14,64,34,51,39,40,0,21,0,102,91,94,88,106,91,91,86,91,91,95,77,78,91,88,19,19,26,92,124,120,87,83,68,104,36,30,5,8,25,41,8,8,8,8,8,8,8,8,0,8,8,30,35,309]} 1. d4 Nf6 2. c4 e6 3. g3 Bb4+ 4. Bd2 Be7 5. Bg2 d5 6. Nf3 O-O 7. O-O c6 8. Qc2 b6 9. Rd1 Nbd7 10. Bf4 Bb7 11. Ne5 Nh5 {E08: Closed Catalan: Main Line: 7 Qc2} 12. Bd2 Nhf6 13. cxd5 cxd5 14. Nc6 Bxc6 15. Qxc6 Rc8 {LiveBook: 49 Games} 16. Qb5 Ne8 17. Nc3 Nd6 18. Qd3 Nf6 19. b3 {[#]} Qd7 $146 20. f3 b5 21. e3 Rfd8 22. Rac1 a6 23. a4 b4 24. Ne2 a5 25. Be1 Qb7 26. g4 Nd7 27. Bg3 Rxc1 28. Rxc1 Rc8 29. Bf1 (29. Qd2 {is interesting.} Ne8 30. Nf4 h6 31. Bf1 g5 32. Nd3) 29... Rxc1 30. Nxc1 {[%cal Be2c1,Bc1d3,Bd3f4][%mdl 32]} Qc8 31. Qd2 g6 32. Nd3 Kf8 33. Kg2 Ne8 34. Nf4 Nd6 35. Bd3 Qc6 36. h4 {[%cal Bh2h4,Bh4h5][%mdl 32]} Kg8 37. Bc2 Bd8 38. Qd3 Bf6 39. h5 {[%cal Rh5g6]} Bg7 40. Bb1 Kf8 41. Kh3 Ke7 42. hxg6 hxg6 43. Qd2 Ke8 44. Bd3 (44. Kg2 $14) 44... Bf6 ({Black should try} 44... e5 $11) 45. Qd1 Ke7 46. Qd2 Ke8 47. Kg2 {[%cal Bh3g2,Bg2f1,Bf1e2,Be2d1][%mdl 32]} Ke7 48. Kf1 Ke8 49. Ke2 Kf8 50. Kd1 Kg8 51. Bc2 Be7 52. Qd3 {[#] Hoping for Nxg6!} Nf8 53. e4 Bg5 54. e5 Ne8 (54... Nc4 $1 $11 55. bxc4 dxc4) 55. Ne2 $16 Bd8 56. Qe3 Nh7 57. f4 Ng7 58. Qf3 Qd7 59. Bf2 Nf8 60. Ng3 f5 61. exf6 Bxf6 62. f5 ({White should play} 62. Ne2 $16) 62... gxf5 $11 63. gxf5 Qf7 {[#]} (63... Bg5 $11 {keeps the balance.}) 64. fxe6 $1 $16 Qxe6 65. Nf5 Nxf5 66. Bxf5 Qf7 67. Bh3 (67. Be3 $16) 67... Ng6 $14 68. Qe3 {Black must now prevent Be6.} Bxd4 69. Qxd4 Qf3+ 70. Kd2 Qxh3 71. Qxd5+ Kf8 $1 72. Bc5+ Ke8 $1 73. Qe4+ Kd7 74. Bd4 Qxb3 75. Qxg6 {Threatens to win with Qf5+.} Qa2+ 76. Ke3 {Qe4 is the strong threat.} Qe6+ $2 {[%mdl 40960] Precision: White = 32%, Black = 55%. . An unexpected result.} (76... Qb3+ $14 77. Kf4 Qd5) 1/2-1/2

[Event "World Team-ch 2017"]
[Site "Khanty-Mansyisk"]
[Date "2017.06.21"]
[Round "5"]
[White "Moiseenko, Alexander"]
[Black "Piorun, Kacper"]
[Result "1/2-1/2"]
[WhiteElo "2675"]
[BlackElo "2632"]
[Annotator "TA"]
[PlyCount "176"]
[EventDate "2017.??.??"]
[EventType "team-tourn"]
[EventCountry "RUS"]
[SourceTitle "playchess.com"]
[Source "ChessBase"]
[SourceQuality "1"]
[WhiteTeam "UKR"]
[BlackTeam "POL"]
[WhiteTeamCountry "UKR"]
[BlackTeamCountry "POL"]

{[%evp 15,176,24,28,0,0,0,7,0,5,0,0,0,0,-7,0,0,13,-13,19,13,22,22,20,3,2,6,9,13,31,26,27,21,28,27,19,19,21,20,18,20,29,20,24,21,22,0,0,2,21,14,65,55,62,63,66,66,73,73,73,73,73,73,73,73,73,65,73,73,73,73,73,73,73,73,73,73,73,0,73,73,73,73,73,73,73,73,73,73,73,72,72,72,72,72,72,72,72,47,47,47,47,47,47,47,48,48,48,37,37,37,48,0,0,0,0,0,0,0,51,51,51,37,48,48,55,55,55,0,0,0,75,0,4,4,7,7,12,0,0,0,0,0,0,0,0,0,0,0,0,0,0,0,0,0,0,0,0,0,0,0,0,0,0]} 1. d4 Nf6 2. c4 e6 3. Nf3 d5 4. Nc3 Bb4 5. cxd5 exd5 6. Bg5 Qd6 7. Bxf6 Qxf6 8. Qb3 {D38: Queen's Gambit Declined: Ragozin Defence (4 Nf3 Bb4)} Qb6 {LiveBook: 4 Games} 9. e3 c6 10. Bd3 Nd7 11. O-O O-O 12. Na4 $146 ({Predecessor:} 12. a3 Be7 13. Qc2 g6 14. b4 a6 15. Na4 Qd8 {½-½ (25) Wojtaszek,R (2553)-Izoria,Z (2607) Moscow 2005}) 12... Qa5 13. Qc2 g6 14. a3 Bd6 15. b4 Qc7 16. b5 c5 17. dxc5 Nxc5 18. Nxc5 Bxc5 19. Rfd1 (19. Rfc1 $5 {[%cal Rc2c5]} b6 20. a4 $11) 19... Qe7 20. Qb2 Rd8 21. Be2 a6 22. bxa6 b6 23. Nd4 {[#] Hoping for Nc6.} Qf6 24. Qb3 Bxa6 25. Bxa6 Rxa6 26. a4 Ra5 27. h3 h5 28. Ra2 Rd7 29. Rad2 Qh4 30. Nc6 {[%cal Bd4c6,Bc6e5,Be5d7][%mdl 32]} Rxa4 31. Ne5 Rd6 32. Rxd5 Rxd5 (32... Rb4 $11 33. Qc2 Rxd5 34. Rxd5 Qf6) 33. Qxd5 $14 Qf6 34. Nd7 $1 $36 {[%cal Rd7f6][%mdl 2048] White is more active.} Qe7 35. Qc6 Ra2 36. Nxb6 Bxb6 37. Qxb6 $16 {[%mdl 4096] Endgame Rd8+ is the strong threat. KQR-KQR} Qe5 38. Qc6 Kg7 39. g3 Qf6 40. Qg2 Qb2 41. h4 Qe2 42. Rf1 Qd3 43. Qf3 Qc3 44. Kg2 Qf6 45. Qd5 Re2 46. Qf3 ({White should try} 46. Qe4 $16) 46... Qxf3+ (46... Ra2 $1 $11) 47. Kxf3 $11 {KR-KR} Ra2 48. Re1 Rb2 49. Re2 Rb3 50. Ra2 Rc3 51. Kf4 Rb3 52. e4 Rb5 53. Ra7 Rb2 54. f3 Rb1 55. Rd7 Ra1 56. e5 Ra4+ 57. Ke3 Ra3+ 58. Rd3 Ra4 59. Rd4 Ra3+ 60. Ke4 Kf8 61. Rd7 Ra4+ 62. Ke3 Ra3+ 63. Kf4 (63. Rd3 $5 {[%cal Rd3a3]} Ra5 64. Kd4 $16) 63... Ra4+ 64. Kg5 {Strongly threatening Kf6.} Ra3 65. Kf4 ({White should play} 65. e6 $11 fxe6 66. Kf4 (66. Kxg6 Rxf3 67. Rh7 Rxg3+ 68. Kf6 Rf3+ 69. Kxe6 Rf4 $11)) 65... Ra4+ $14 66. Ke3 Ra3+ 67. Rd3 Ra4 68. f4 (68. Rd4 $5 {[%cal Rd4a4]} Ra5 69. Kf4 $16) 68... Kg7 69. Kf3 Rb4 70. Ra3 Rc4 71. g4 (71. Ra7 $14) 71... hxg4+ $11 72. Kxg4 Re4 {[#]} (72... Rc1 $11 {remains equal.}) 73. Kg5 (73. h5 $1 $16) 73... Re1 {( -> ...Rg1+). The position is equal.} 74. Rg3 Rh1 $1 75. Rg4 Rh2 76. f5 gxf5 77. Kxf5+ (77. Rg3 {feels hotter.} Re2 78. Kf4+ Kh6 79. Rg8 Rh2 80. Kg3) 77... Kf8 78. Kg5 (78. h5 $5) 78... Re2 79. Kf5 Rh2 80. Kg5 Re2 81. Kf4 Rh2 82. Kg3 Re2 83. Rg5 f6 84. exf6 Kf7 85. h5 Kxf6 86. Rg4 Re1 87. Rg6+ Kf5 88. Kh2 Re6 {Precision: White = 63%, Black = 76%.} 1/2-1/2

[Event "World Team-ch 2017"]
[Site "Khanty-Mansyisk"]
[Date "2017.06.21"]
[Round "5"]
[White "Akobian, Varuzhan"]
[Black "Stupak, Kirill"]
[Result "1/2-1/2"]
[WhiteElo "2673"]
[BlackElo "2564"]
[Annotator "TA"]
[PlyCount "97"]
[EventDate "2017.??.??"]
[EventType "team-tourn"]
[EventCountry "RUS"]
[SourceTitle "playchess.com"]
[Source "ChessBase"]
[SourceQuality "1"]
[WhiteTeam "USA"]
[BlackTeam "BLR"]
[WhiteTeamCountry "USA"]
[BlackTeamCountry "BLR"]

{[%evp 13,97,23,16,8,58,0,1,-20,-7,-18,-8,-22,-24,-19,-16,-22,0,-26,-4,-10,-8,-13,0,-11,-18,-7,0,-25,-27,-25,-18,-25,-13,-68,-11,-18,0,0,0,-20,-7,-13,-13,-20,-17,-21,0,0,0,-15,-8,-10,0,-8,-6,-10,-9,-10,-6,-9,-4,-18,0,0,0,0,0,0,0,0,0,0,0,0,0,0,0,0,0,0,0,0,0,0,0,0]} 1. d4 Nf6 2. c4 b6 3. Nc3 Bb7 4. Bg5 e6 5. e3 Be7 6. Nf3 Ne4 7. Nxe4 {E12: Queen's Indian: Unusual White 4th moves, 4 a3, 4 Nc3 Bb7 5 a3 and 4 Nc3 Bb7} (7. Bxe7 Qxe7 8. Nxe4 Bxe4 9. Be2 Qb4+ 10. Qd2 Qxd2+ 11. Nxd2 Bb7 12. b4 d6 13. Bf3 Bxf3 14. Nxf3 Nd7 15. Ke2 Ke7 16. Rab1 Rhc8 17. Rhc1 {½-½ (17) Vescovi,G (2622)-Adianto,U (2589) Turin 2006}) 7... Bxe4 {LiveBook: 27 Games} 8. h4 Bxg5 $146 ({Predecessor:} 8... h6 9. Bxe7 Qxe7 10. Bd3 Qb4+ 11. Qd2 Qxd2+ 12. Kxd2 Bxd3 13. Kxd3 d6 14. b3 Nd7 15. Nd2 Ke7 16. f3 a5 17. g4 {½-½ (17) Spacek,O (2041)-Bednar,M (2240) Slovakia 2014}) 9. Nxg5 (9. hxg5 $14 Nc6 10. Bd3 Bxf3 11. Qxf3) 9... Bb7 $11 10. d5 (10. Qc2 {is more complex.} h6 11. Ne4 Nc6 12. a3 O-O 13. O-O-O) 10... Qe7 11. Qd2 Na6 12. Rd1 h6 13. Nf3 $1 Nc5 14. Be2 a5 15. d6 cxd6 16. Qxd6 Qxd6 17. Rxd6 Bc6 18. Ne5 Ke7 19. Rd2 Rhd8 (19... Bxg2 {is interesting.} 20. Rg1 Be4 21. Rxg7 Rh7 22. Rg4 d6) 20. Nxc6+ dxc6 21. f3 a4 22. a3 Nb3 23. Rd1 (23. Rd3 $1 $11) 23... f5 (23... Rxd1+ $15 24. Bxd1 Na5) 24. Kf2 {The position is equal.} Nd2 25. Ke1 Nb3 26. Kf2 e5 27. f4 Nd2 28. fxe5 Ra5 29. Ke1 Nb3 30. Rxd8 Kxd8 {[%mdl 4096] Endgame KRB-KRN} 31. Rh3 Rxe5 32. Rg3 Re7 33. Kf2 Nc5 {[#] And now ...Ne4+ would win.} 34. Rg6 Kc7 35. h5 Nd7 36. Rg3 Ne5 37. Rh3 Kd6 38. Rh4 $1 Ke6 (38... Ng4+ $5 39. Bxg4 Re4 $11) 39. Rd4 Rd7 40. Kg3 c5 41. Rxd7 Kxd7 {KB-KN} 42. Kf4 Ke6 43. g3 g5+ 44. hxg6 Nxg6+ 45. Kf3 Ne5+ 46. Kf4 Ng6+ 47. Kf3 Ne5+ 48. Kf4 Ng6+ 49. Kf3 {Precision: White = 52%, Black = 69%.} 1/2-1/2